00515nam a2200181 a 450000100060000000300090000600800410001502000150005604000280007108200170009910000320011624500630014826000360021130000080024765000330025565000200028865000250030813529CO-ViMGA141112s2004 ck r 000 u spa d a8478809031 aCO-ViMGAbspacCO-ViMGA04a152.41 V155a1 aVallejo - Nagera, Alejandra10aEl amor no es ciego : bideas para elegir pareja y acertar aMadrid : bTemas de Hoy, c1998 a22114aAMOR - ASPECTOS PSICOLOGICOS14aCORTEJO AMOROSO14aRELACIONES DE PAREJA